000 00252nam a2200097Ia 4500
001 667553
005 20250826160331.0
008 250824s9999 xx 000 0 und d
245 0 _aPERTEV BEYİN İKİ KIZI
_cMÜNEVVER AYAŞLI
260 _bTİMAŞ YAYINLARI
999 _c667553
_d667553